| Tag |
First Indicator |
Second Indicator |
Subfields |
| LEADER |
00000cam a2200000 a 4500 |
| 001 |
in00001644607 |
| 005 |
20151023121300.0 |
| 008 |
001101s2001 mau b 001 0 eng |
| 010 |
|
|
|a 00053385
|
| 020 |
|
|
|a 0262201356 (alk. paper)
|
| 020 |
|
|
|a 0262700824 (pbk. : alk. paper)
|
| 035 |
|
|
|a (OCoLC)ocm45376025
|
| 040 |
|
|
|a DLC
|c DLC
|d TXA
|d UtOrBLW
|
| 049 |
|
|
|a TXAM
|
| 050 |
0 |
0 |
|a B105.B64
|b T63 2001
|
| 082 |
0 |
0 |
|a 128/.6
|2 21
|
| 100 |
1 |
|
|a Todes, Samuel.
|
| 245 |
1 |
0 |
|a Body and world /
|c Samuel Todes ; with introductions by Hubert L. Dreyfus and Piotr Hoffman.
|
| 264 |
|
1 |
|a Cambridge, Mass. :
|b MIT Press,
|c [2001]
|
| 264 |
|
4 |
|c ©2001
|
| 300 |
|
|
|a xlvi, 337 pages ;
|c 23 cm.
|
| 336 |
|
|
|a text
|b txt
|2 rdacontent
|
| 337 |
|
|
|a unmediated
|b n
|2 rdamedia
|
| 338 |
|
|
|a volume
|b nc
|2 rdacarrier
|
| 500 |
|
|
|a Revised edition of: The human body as material subject of the world. New York : Garland Pub., 1990.
|
| 504 |
|
|
|a Includes bibliographical references and index.
|
| 650 |
|
0 |
|a Human body (Philosophy)
|
| 650 |
|
0 |
|a Subject (Philosophy)
|
| 650 |
|
0 |
|a Perception (Philosophy)
|
| 600 |
1 |
0 |
|a Kant, Immanuel,
|d 1724-1804
|x Contributions in philosophy of perception.
|
| 700 |
1 |
|
|a Todes, Samuel.
|t Human body as material subject of the world.
|
| 948 |
|
|
|a cataloged
|b h
|c 2002/4/5
|d c
|e dmitchel
|f 3:00:00 pm
|
| 994 |
|
|
|a E0
|b TXA
|
| 999 |
|
|
|a MARS
|
| 999 |
f |
f |
|s 08b161c9-9366-3cd6-af80-fdf437e3e96d
|i 86758714-97fb-3612-a6d1-548d720286f6
|t 0
|
| 952 |
f |
f |
|p normal
|a Texas A&M University
|b College Station
|c Sterling C. Evans Library
|d Evans: Library Stacks
|t 0
|e B105.B64 T63 2001
|h Library of Congress classification
|i unmediated -- volume
|m A14828831870
|
| 998 |
f |
f |
|a B105.B64 T63 2001
|t 0
|l Evans: Library Stacks
|